| 000 | 00619nam a22002051a 4500 | ||
|---|---|---|---|
| 001 | 2960 | ||
| 003 | OSt | ||
| 005 | 20260204211833.0 | ||
| 008 | 040519s1992||||mx ||||||b||||||||||spa|| | ||
| 082 | _a657 W667i | ||
| 100 | 1 |
_aWuicox, Kirland A. _eautor |
|
| 245 | 1 | 0 |
_aIntroducción a la contabilidad financiera / _cKirkland A. Wuicox |
| 260 | _aprimera edición | ||
| 264 | _aMéxico : Continental, | ||
| 300 |
_a840 páginas : _bIlustraciones ; _c24x16.5cm. |
||
| 504 | _aIncluye referencia bibliográfica e índice | ||
| 650 | 7 |
_aLEMB _vAnálisis Financiero |
|
| 700 | _aSan Miguel, JosephÌ | ||
| 942 |
_2ddc _cBK |
||
| 999 |
_c2960 _d2960 |
||